| 000 | 01062cab a2200337 4500 | ||
|---|---|---|---|
| 001 | WB3113-21 | ||
| 008 | 090401t1995 xxu||||| |||| 00| 0 eng d | ||
| 035 | _a(Sirsi) u41096 | ||
| 041 | _aeng | ||
| 245 | _aUniversity construction | ||
| 260 | _c1995 | ||
| 350 | _a0 | ||
| 490 |
_aGuardian _v28 March 1995, 6(1) |
||
| 520 | _aThe Private Finance Initiative is to be extended to allow universities and colleges to borrow up to £4bn from the private sector to fund capital projects and inject money into the construction industry. | ||
| 650 | _aCAPITAL PROJECTS | ||
| 650 | _aCOLLEGES | ||
| 650 | _aCONSTRUCTION INDUSTRY | ||
| 650 | _aEDUCATION BUILDINGS | ||
| 650 | _aFUNDING | ||
| 650 | _aHIGHER EDUCATION FUNDING COUNCIL | ||
| 650 | _aLECTURE HALLS | ||
| 650 | _aLIBRARIES | ||
| 650 | _aPRIVATE FINANCE INITIATIVE | ||
| 650 | _aPRIVATE FINANCE | ||
| 650 | _aPRIVATE SECTOR | ||
| 650 | _aSTUDENT ACCOMMODATION | ||
| 650 | _aUNIVERSITIES | ||
| 690 | _aPROPERTY-PROPERTY FINANCE AND INVESTMENT | ||
| 942 | _n0 | ||
| 948 | _c04/03/1997 | ||
| 999 |
_c26382 _d26382 |
||